000 00328nam a2200145Ia 4500
005 20251222153637.0
008 251222s9999||||xx |||||||||||||| ||spa||
020 _a8838483744
082 _a821.91/S25
100 _aSant´Ambrogio
245 0 _aPreghiere
250 _a3ra.ed.
264 _bEdizioni Piemme Spa
942 _cLIB
999 _c32600
_d32600